000 00703nam a2200205 i 4500
001 bg
100 1 _aGrono, Andrzej J.
245 0 _aLaboratorium urządzeń i elementów automatyki :
_bskrypt przeznaczony jest dla studentów Wydziału Elektrycznego /
_cAndrzej Grono, Leszek Morawski ; pod red. Andrzeja Grono ; Politechnika Gdańska.
250 _a[Wyd. 3].
260 _aGdańsk :
_bPG,
_c1993.
300 _a195 s. :
_brys., wykr. ;
_c24 cm.
504 _aBibliogr. przy rozdz.
700 1 _aMorawski, Leszek.
710 _aPOLITECHNIKA GDAŃSKA (Gdańsk)
040 _cBPK
041 _apol
080 _a621.3:681.5](075.8)(076)
942 _cKS
008 s pl f |000 0 pol
999 _c6255
_d6255
856 _uhttp://koha.tu.koszalin.pl/cgi-bin/koha/opac-detail.pl?biblionumber=6255
_yKatalog online BPK